书目信息 |
| 题名: |
富利叶变换
|
|
| 作者: | I.N.史奈登 著 ;何衍 译 | |
| 分册: | ||
| 出版信息: | 北京 科学出版社 1958.12 |
|
| 页数: | 645页 | |
| 开本: | 20cm | |
| 丛书名: | ||
| 单 册: | ||
| 中图分类: | O174.22 | |
| 科图分类: | ||
| 主题词: | 数学分析 | |
| 电子资源: | ||
| ISBN: | ||
| 000 | 00600nam0 2200205 450 | |
| 001 | 0630063140 | |
| 005 | 20060728082628.21 | |
| 010 | @dCNY3.80 | |
| 100 | @a20060728d1958 km y0chiy0120 ea | |
| 101 | 0 | @achi@crus |
| 102 | @aCN@b110000 | |
| 200 | 1 | @a富利叶变换@Afu li ye bian huan@f(苏)I.N.史奈登著@F(su)I.N.shi nai deng zhu@g何衍 等译@Ghe yan deng yi |
| 210 | @a北京@c科学出版社@d1958.12 | |
| 215 | @a645页@d20cm | |
| 606 | 0 | @a数学分析 |
| 690 | @aO174.22@v3 | |
| 701 | 0 | @aI.N.史奈登@AI.N.shi nai deng@4著 |
| 702 | 0 | @a何衍@Ahe yan@4译 |
| 801 | 0 | @aCN@bPFT@c20060728 |
| 905 | @a10447@dO174.22@e157 | |
| 富利叶变换/(苏)I.N.史奈登著/何衍 等译.-北京:科学出版社,1958.12 |
| 645页;20cm |
| ISBN :CNY3.80 |
| ● |
| 相关链接 |
|
|
|
|
正题名:富利叶变换
索取号:O174.22/157
 
预约/预借
| 序号 | 登录号 | 条形码 | 馆藏地/架位号 | 状态 | 备注 |
| 1 | 0442513 | 204425130 | 密集书库/ [索取号:O174.22/157] | 在馆 |